00846nam a22002297a 4500003000400000005001700004008004100021020001500062040002900077050002500106100002900131245003100160260002700191300002700218650006500245650004500310700002900355700003000384942001500414952017000429999001700599OSt20260612114032.0260612b |||||||| |||| 00| 0 eng d a0871205181 cChuka university library aLB 1590.3 b.S7 2001 aStrong, Richard W928856 aTeaching what matters most aAlexandriabASCDc2001 aIII 137PPbillustrated aThought and thinking-study and teaching-united states928857 aeducation-standards-united states927899 aSilver, Harvey F.928858 aPerini, Matthew J.928859 2lcccBKn0 00102lcc40708LGLaCHKbCHKcGENd2026-06-12eDonations from books from Africag1034.63l0oLB 1590.3 .S7 2001p34154/2026r2026-06-12 11:44:15t1w2026-06-12yBK c24116d24116